[Event "Vienna Chess Open 2019"]
[Site "Vienna"]
[Date "2019.08.17"]
[Round "1.12"]
[White "Subelj, Jan"]
[Black "Zenari, Marco"]
[Result "1/2-1/2"]
[WhiteElo "2418"]
[BlackElo "2128"]
[Annotator "NA"]
[PlyCount "85"]
[EventDate "2019.08.17"]
[EventType "swiss"]
[EventCountry "AUT"]
[SourceTitle "playchess.com"]
[Source "ChessBase"]
[SourceQuality "1"]
[TimeControl "40/5400+30:1800+30"]

1. e4 {[%emt 0:00:00]} c5 {[%emt 0:00:00]} 2. Nf3 {[%emt 0:00:07]} d6 {[%emt 0:00:00]} 3. c3 {[%emt 0:01:22]} Nf6 {[%emt 0:01:52]} 4. Be2 {[%emt 0:00:27]} Nc6 {[%emt 0:01:54]} 5. d4 {[%emt 0:00:45]} cxd4 {[%emt 0:06:52]} 6. cxd4 {[%emt 0:00:13]} Nxe4 {[%emt 0:10:26]} 7. d5 {[%emt 0:00:11]} Qa5+ {[%emt 0:00:11]} 8. Nc3 {[%emt 0:00:07]} Nxc3 {[%emt 0:06:29]} 9. bxc3 {[%emt 0:00:08]} Nb8 {[%emt 0:07:14]} 10. O-O {[%emt 0:00:28]} g6 {[%emt 0:15:13]} 11. Qd4 {[%emt 0:06:41]} f6 {[%emt 0:10:09]} 12. h4 {[%emt 0:27:08]} Nd7 {[%emt 0:06:17]} 13. h5 {[%emt 0:00:47]} Ne5 {[%emt 0:03:14]} 14. Nxe5 {[%emt 0:03:08]} dxe5 {[%emt 0:00:17]} 15. Qh4 {[%emt 0:04:54]} g5 {[%emt 0:05:54]} 16. Qg3 {[%emt 0:06:41]} Bh6 {[%emt 0:01:53]} 17. c4 {[%emt 0:00:56]} O-O {[%emt 0:01:58]} 18. Ba3 {[%emt 0:01:52]} Rf7 {[%emt 0:06:36]} 19. c5 {[%emt 0:01:09]} f5 {[%emt 0:04:10]} 20. Qb3 {[%emt 0:01:22]} Qd8 {[%emt 0:03:29]} 21. Bc4 {[%emt 0:02:34]} Qe8 {[%emt 0:00:50]} 22. d6 {[%emt 0:01:31]} e6 {[%emt 0:00:09]} 23. Bb2 {[%emt 0:03:28]} e4 {[%emt 0:02:19]} 24. f3 {[%emt 0:00:43]} f4 {[%emt 0:00:38]} 25. fxe4 {[%emt 0:00:43]} g4 {[%emt 0:00:10]} 26. Be2 {[%emt 0:01:48]} g3 {[%emt 0:00:42]} 27. Be5 {[%emt 0:00:29]} Qd8 {[%emt 0:00:49]} 28. Bxf4 {[%emt 0:01:02]} Rxf4 {[%emt 0:02:10]} 29. Qxg3+ {[%emt 0:00:14]} Qg5 {[%emt 0:00:05]} 30. Qxg5+ {[%emt 0:01:28]} Bxg5 {[%emt 0:00:07]} 31. Rxf4 {[%emt 0:01:00]} Bxf4 {[%emt 0:00:06]} 32. Bb5 {[%emt 0:00:05]} Be3+ {[%emt 0:00:56]} 33. Kh2 {[%emt 0:00:43]} Bxc5 {[%emt 0:00:37]} 34. Rd1 {[%emt 0:00:45]} a6 {[%emt 0:00:42]} 35. d7 {[%emt 0:00:05]} Bxd7 {[%emt 0:00:07]} 36. Bxd7 {[%emt 0:00:06]} Kf7 {[%emt 0:00:39]} 37. Ba4 {[%emt 0:00:17]} b5 {[%emt 0:00:03]} 38. Bc2 {[%emt 0:03:10]} Ke7 {[%emt 0:02:08]} 39. e5 {[%emt 0:03:28]} h6 {[%emt 0:00:21]} 40. Be4 {[%emt 0:00:23]} Rd8 {[%emt 0:01:11]} 41. Rxd8 {[%emt 0:30:25]} Kxd8 {[%emt 0:30:04]} 42. Kg3 {[%emt 0:00:06]} a5 {[%emt 0:00:32]} 43. Bc6 {[%emt 0:00:43]} 1/2-1/2

[Event "Vienna Chess Open 2019"]
[Site "Vienna"]
[Date "2019.08.18"]
[Round "2.1"]
[White "Dastan, Muhammed Batuhan"]
[Black "Modler, Andreas"]
[Result "1-0"]
[WhiteElo "2582"]
[BlackElo "2269"]
[Annotator "ChessBase"]
[PlyCount "49"]
[EventDate "2019.08.17"]
[EventType "swiss"]
[EventCountry "AUT"]
[SourceTitle "playchess.com"]
[Source "ChessBase"]
[SourceQuality "1"]
[TimeControl "40/5400+30:1800+30"]

1. e4 {[%emt 0:00:00]} c5 {[%emt 0:01:04]} 2. Nf3 {[%emt 0:00:00]} e6 {[%emt 0:00:36]} 3. d4 {[%emt 0:00:00]} cxd4 {[%emt 0:00:46]} 4. Nxd4 {[%emt 0:00:00]} a6 {[%emt 0:00:06]} 5. Nc3 {[%emt 0:00:05]} Qc7 {[%emt 0:00:13]} 6. Bd3 {[%emt 0:00:06]} Nf6 {[%emt 0:00:18]} 7. f4 {[%emt 0:00:14]} d6 {[%emt 0:03:31]} 8. O-O {[%emt 0:00:07]} g6 {[%emt 0:01:04]} 9. Kh1 {[%emt 0:10:40]} Bg7 {[%emt 0:03:04]} 10. Qe1 {[%emt 0:03:30]} O-O {[%emt 0:00:27]} 11. f5 {[%emt 0:05:09]} b5 {[%emt 0:11:16]} 12. a3 {[%emt 0:11:41]} e5 {[%emt 0:02:36]} 13. Nf3 {[%emt 0:03:12]} Bb7 {[%emt 0:00:14]} 14. Qh4 {[%emt 0:02:36]} Nbd7 {[%emt 0:01:35]} 15. Bh6 {[%emt 0:03:56]} Rae8 {[%emt 0:04:49]} 16. Rae1 {[%emt 0:10:28]} Bxh6 {[%emt 0:10:47]} 17. Qxh6 {[%emt 0:00:55]} Re7 {[%emt 0:09:28]} 18. Ng5 {[%emt 0:02:28]} Rfe8 {[%emt 0:03:44]} 19. Re3 {[%emt 0:05:05]} d5 {[%emt 0:03:27]} 20. Rh3 {[%emt 0:01:17]} Qb6 {[%emt 0:02:45]} 21. Nxh7 {[%emt 0:01:33]} Ng4 {[%emt 0:03:05]} 22. Qh4 {[%emt 0:00:08]} dxe4 {[%emt 0:01:10]} 23. Ng5 {[%emt 0:00:41]} Qf6 {[%emt 0:01:13]} 24. fxg6 {[%emt 0:00:13]} Qg7 {[%emt 0:01:56]} 25. gxf7+ {[%emt 0:00:18]} 1-0

[Event "Vienna Chess Open 2019"]
[Site "Vienna"]
[Date "2019.08.18"]
[Round "2.1"]
[White "Schreiner, Peter"]
[Black "Fuchs, Florian"]
[Result "1/2-1/2"]
[WhiteElo "2481"]
[BlackElo "2235"]
[Annotator "ChessBase"]
[PlyCount "49"]
[EventDate "2019.08.17"]
[EventType "swiss"]
[EventCountry "AUT"]
[SourceTitle "playchess.com"]
[Source "ChessBase"]
[SourceQuality "1"]
[TimeControl "40/5400+30:1800+30"]

1. d4 {[%emt 0:00:00]} Nf6 {[%emt 0:00:00]} 2. c4 {[%emt 0:00:00]} e6 {[%emt 0:00:00]} 3. Nc3 {[%emt 0:00:54]} d5 {[%emt 0:00:15]} 4. Nf3 {[%emt 0:00:31]} Be7 {[%emt 0:01:09]} 5. g3 {[%emt 0:01:46]} O-O {[%emt 0:02:13]} 6. Bg2 {[%emt 0:00:13]} dxc4 {[%emt 0:02:08]} 7. Ne5 {[%emt 0:01:57]} c5 {[%emt 0:04:06]} 8. dxc5 {[%emt 0:01:13]} Qxd1+ {[%emt 0:02:00]} 9. Nxd1 {[%emt 0:00:22]} Bxc5 {[%emt 0:01:37]} 10. O-O {[%emt 0:01:15]} Nd5 {[%emt 0:06:37]} 11. Nxc4 {[%emt 0:02:24]} Nc6 {[%emt 0:01:00]} 12. Be3 {[%emt 0:30:27]} Nxe3 {[%emt 0:04:36]} 13. Ndxe3 {[%emt 0:00:15]} Bd7 {[%emt 0:05:42]} 14. a3 {[%emt 0:06:49]} Rfd8 {[%emt 0:05:34]} 15. b4 {[%emt 0:00:31]} Be7 {[%emt 0:06:56]} 16. Rfd1 {[%emt 0:12:50]} Be8 {[%emt 0:12:28]} 17. Kf1 {[%emt 0:03:27]} Rac8 {[%emt 0:06:27]} 18. Rxd8 {[%emt 0:16:18]} Nxd8 {[%emt 0:06:42]} 19. Be4 {[%emt 0:02:08]} f5 {[%emt 0:12:13]} 20. Bc2 {[%emt 0:02:15]} b5 {[%emt 0:03:49]} 21. Na5 {[%emt 0:01:40]} Bf6 {[%emt 0:02:14]} 22. Rd1 {[%emt 0:07:04]} Kf8 {[%emt 0:02:25]} 23. Bb3 {[%emt 0:02:17]} Ke7 {[%emt 0:00:50]} 24. Nc2 {[%emt 0:01:02]} Rc3 {[%emt 0:05:11]} 25. Nd4 {[%emt 0:00:29]} 1/2-1/2

[Event "Vienna Chess Open 2019"]
[Site "Vienna"]
[Date "2019.08.18"]
[Round "2.1"]
[White "Froewis, Georg"]
[Black "Vuckovic, Zarko"]
[Result "1/2-1/2"]
[WhiteElo "2429"]
[BlackElo "2214"]
[Annotator "NA"]
[PlyCount "97"]
[EventDate "2019.08.17"]
[EventType "swiss"]
[EventCountry "AUT"]
[SourceTitle "playchess.com"]
[Source "ChessBase"]
[SourceQuality "1"]
[TimeControl "40/5400+30:1800+30"]

1. Nf3 {[%emt 0:00:00]} e6 {[%emt 0:00:00]} 2. c4 {[%emt 0:00:56]} d5 {[%emt 0:00:00]} 3. e3 {[%emt 0:00:11]} Nf6 {[%emt 0:00:00]} 4. Nc3 {[%emt 0:00:24]} Be7 {[%emt 0:00:00]} 5. b3 {[%emt 0:00:48]} O-O {[%emt 0:00:17]} 6. Bb2 {[%emt 0:00:30]} c5 {[%emt 0:05:02]} 7. cxd5 {[%emt 0:00:25]} Nxd5 {[%emt 0:00:29]} 8. Be2 {[%emt 0:03:35]} b6 {[%emt 0:00:36]} 9. Nxd5 {[%emt 0:00:34]} exd5 {[%emt 0:01:18]} 10. d4 {[%emt 0:00:19]} Bb7 {[%emt 0:07:36]} 11. O-O {[%emt 0:01:31]} Nd7 {[%emt 0:00:09]} 12. Rc1 {[%emt 0:03:05]} Rc8 {[%emt 0:02:57]} 13. Rc2 {[%emt 0:01:09]} a5 {[%emt 0:06:10]} 14. Qa1 {[%emt 0:00:25]} Nf6 {[%emt 0:05:08]} 15. a4 {[%emt 0:08:46]} Qd7 {[%emt 0:09:42]} 16. Rfc1 {[%emt 0:02:26]} Qf5 {[%emt 0:04:54]} 17. Ba3 {[%emt 0:08:23]} Ne4 {[%emt 0:06:41]} 18. Bd3 {[%emt 0:00:12]} Qe6 {[%emt 0:00:31]} 19. dxc5 {[%emt 0:06:18]} bxc5 {[%emt 0:02:45]} 20. Bxe4 {[%emt 0:00:50]} dxe4 {[%emt 0:01:11]} 21. Nd2 {[%emt 0:00:05]} Rfd8 {[%emt 0:02:14]} 22. Bb2 {[%emt 0:02:24]} Bf8 {[%emt 0:04:23]} 23. Bc3 {[%emt 0:00:53]} Ra8 {[%emt 0:00:14]} 24. Nc4 {[%emt 0:01:19]} Bd5 {[%emt 0:00:11]} 25. Nxa5 {[%emt 0:09:27]} Bxb3 {[%emt 0:01:17]} 26. Nxb3 {[%emt 0:00:02]} Qxb3 {[%emt 0:00:08]} 27. a5 {[%emt 0:00:02]} Rd3 {[%emt 0:04:48]} 28. Be1 {[%emt 0:03:28]} Qd5 {[%emt 0:03:09]} 29. Qa2 {[%emt 0:03:09]} Qxa2 {[%emt 0:04:19]} 30. Rxa2 {[%emt 0:00:05]} f5 {[%emt 0:00:09]} 31. Kf1 {[%emt 0:00:51]} Kf7 {[%emt 0:00:32]} 32. Ke2 {[%emt 0:00:06]} Ke6 {[%emt 0:00:51]} 33. Rb1 {[%emt 0:12:22]} Be7 {[%emt 0:02:08]} 34. a6 {[%emt 0:07:55]} Ra7 {[%emt 0:03:13]} 35. Ra4 {[%emt 0:09:42]} Rd6 {[%emt 0:00:51]} 36. Rba1 {[%emt 0:00:01]} Bf6 {[%emt 0:01:21]} 37. R1a2 {[%emt 0:00:19]} Kd7 {[%emt 0:01:45]} 38. f3 {[%emt 0:02:33]} exf3+ {[%emt 0:00:37]} 39. gxf3 {[%emt 0:00:16]} Kc6 {[%emt 0:02:23]} 40. Bg3 {[%emt 0:05:34]} Rd8 {[%emt 0:00:07]} 41. e4 {[%emt 0:37:34]} fxe4 {[%emt 0:30:35]} 42. fxe4 {[%emt 0:00:04]} Bc3 {[%emt 0:01:12]} 43. Bf2 {[%emt 0:01:34]} Kb5 {[%emt 0:01:23]} 44. Be1 {[%emt 0:00:00]} Rd4 {[%emt 0:00:00]} 45. Rxd4 {[%emt 0:00:00]} Bxd4 {[%emt 0:00:00]} 46. Kd3 {[%emt 0:00:00]} Rxa6 {[%emt 0:00:00]} 47. Rxa6 {[%emt 0:00:00]} Kxa6 {[%emt 0:00:00]} 48. Kc4 {[%emt 0:00:00]} Kb6 {[%emt 0:00:00]} 49. Kd5 {[%emt 0:00:00]} 1/2-1/2

[Event "Vienna Chess Open 2019"]
[Site "Vienna"]
[Date "2019.08.18"]
[Round "2.2"]
[White "Pali, Philipp"]
[Black "Buhmann, Rainer"]
[Result "1/2-1/2"]
[WhiteElo "2266"]
[BlackElo "2574"]
[Annotator "ChessBase"]
[PlyCount "93"]
[EventDate "2019.08.17"]
[EventType "swiss"]
[EventCountry "AUT"]
[SourceTitle "playchess.com"]
[Source "ChessBase"]
[SourceQuality "1"]
[TimeControl "40/5400+30:1800+30"]

1. Nf3 {[%emt 0:00:00]} d5 {[%emt 0:00:00]} 2. g3 {[%emt 0:00:00]} Bg4 {[%emt 0:00:25]} 3. Bg2 {[%emt 0:00:23]} e6 {[%emt 0:00:19]} 4. O-O {[%emt 0:00:17]} Nf6 {[%emt 0:00:35]} 5. c4 {[%emt 0:00:58]} c6 {[%emt 0:01:40]} 6. d3 {[%emt 0:03:04]} Be7 {[%emt 0:01:03]} 7. cxd5 {[%emt 0:03:48]} Bxf3 {[%emt 0:03:30]} 8. Bxf3 {[%emt 0:00:29]} cxd5 {[%emt 0:00:06]} 9. Qb3 {[%emt 0:01:40]} Qd7 {[%emt 0:01:11]} 10. Nc3 {[%emt 0:03:20]} Nc6 {[%emt 0:00:21]} 11. e4 {[%emt 0:11:25]} O-O {[%emt 0:12:02]} 12. exd5 {[%emt 0:05:55]} Nd4 {[%emt 0:02:54]} 13. Qd1 {[%emt 0:00:58]} Nxf3+ {[%emt 0:04:30]} 14. Qxf3 {[%emt 0:00:08]} Nxd5 {[%emt 0:01:05]} 15. Nxd5 {[%emt 0:00:13]} exd5 {[%emt 0:01:23]} 16. Bf4 {[%emt 0:14:55]} Bf6 {[%emt 0:09:44]} 17. Rac1 {[%emt 0:05:06]} Rac8 {[%emt 0:05:05]} 18. Qe2 {[%emt 0:03:47]} h5 {[%emt 0:10:39]} 19. h4 {[%emt 0:12:15]} g6 {[%emt 0:05:09]} 20. Rxc8 {[%emt 0:06:59]} Rxc8 {[%emt 0:00:28]} 21. Rc1 {[%emt 0:00:18]} Re8 {[%emt 0:08:22]} 22. Qf3 {[%emt 0:02:04]} Bxb2 {[%emt 0:10:28]} 23. Rc7 {[%emt 0:00:37]} Qe6 {[%emt 0:03:04]} 24. Rxb7 {[%emt 0:01:39]} Bd4 {[%emt 0:01:32]} 25. Kg2 {[%emt 0:04:05]} Rc8 {[%emt 0:04:10]} 26. Rc7 {[%emt 0:07:27]} Rb8 {[%emt 0:05:23]} 27. Rc2 {[%emt 0:02:01]} Re8 {[%emt 0:00:10]} 28. Rc7 {[%emt 0:00:41]} Bb6 {[%emt 0:01:42]} 29. Rb7 {[%emt 0:00:31]} Rc8 {[%emt 0:02:00]} 30. Rb8 {[%emt 0:05:18]} Rxb8 {[%emt 0:00:33]} 31. Bxb8 {[%emt 0:00:04]} Kf8 {[%emt 0:00:30]} 32. Qf4 {[%emt 0:01:12]} Ke8 {[%emt 0:01:05]} 33. Be5 {[%emt 0:02:32]} Kd7 {[%emt 0:00:46]} 34. Bd4 {[%emt 0:00:19]} Kc6 {[%emt 0:00:52]} 35. Bxb6 {[%emt 0:00:01]} axb6 {[%emt 0:00:19]} 36. Qa4+ {[%emt 0:00:15]} Kb7 {[%emt 0:02:14]} 37. Qb5 {[%emt 0:01:36]} Kc7 {[%emt 0:01:19]} 38. a4 {[%emt 0:00:14]} Qc6 {[%emt 0:00:44]} 39. Kf3 {[%emt 0:00:34]} Qf6+ {[%emt 0:00:46]} 40. Kg2 {[%emt 0:00:19]} Qc6 {[%emt 0:00:41]} 41. Kf3 {[%emt 0:30:24]} Kd6 {[%emt 0:15:25]} 42. Qb4+ {[%emt 0:00:00]} Qc5 {[%emt 0:00:36]} 43. Qf4+ {[%emt 0:00:00]} Ke6 {[%emt 0:00:37]} 44. Qe3+ {[%emt 0:00:00]} Kd7 {[%emt 0:09:48]} 45. Qf4 {[%emt 0:00:00]} Ke6 {[%emt 0:00:37]} 46. Qe3+ {[%emt 0:00:00]} Kd7 {[%emt 0:00:07]} 47. Qf4 {[%emt 0:00:00]} 1/2-1/2

[Event "Vienna Chess Open 2019"]
[Site "Vienna"]
[Date "2019.08.18"]
[Round "2.2"]
[White "Exler, Veronika"]
[Black "Yankelevich, Lev"]
[Result "0-1"]
[WhiteElo "2244"]
[BlackElo "2480"]
[Annotator "ChessBase"]
[PlyCount "56"]
[EventDate "2019.08.17"]
[EventType "swiss"]
[EventCountry "AUT"]
[SourceTitle "playchess.com"]
[Source "ChessBase"]
[SourceQuality "1"]
[TimeControl "40/5400+30:1800+30"]

1. e4 {[%emt 0:00:00]} Nf6 {[%emt 0:00:00]} 2. e5 {[%emt 0:00:00]} Nd5 {[%emt 0:00:00]} 3. d4 {[%emt 0:00:00]} d6 {[%emt 0:00:00]} 4. c4 {[%emt 0:00:00]} Nb6 {[%emt 0:00:00]} 5. exd6 {[%emt 0:00:11]} exd6 {[%emt 0:00:00]} 6. Nc3 {[%emt 0:00:10]} Be7 {[%emt 0:00:00]} 7. Bd3 {[%emt 0:00:33]} O-O {[%emt 0:00:49]} 8. Nge2 {[%emt 0:00:06]} Na6 {[%emt 0:00:04]} 9. O-O {[%emt 0:02:49]} c6 {[%emt 0:00:38]} 10. a3 {[%emt 0:07:17]} Nc7 {[%emt 0:00:42]} 11. Be3 {[%emt 0:01:33]} d5 {[%emt 0:01:34]} 12. c5 {[%emt 0:00:10]} Nc4 {[%emt 0:00:45]} 13. Bxc4 {[%emt 0:21:06]} dxc4 {[%emt 0:02:14]} 14. Qa4 {[%emt 0:00:06]} Be6 {[%emt 0:03:03]} 15. Nf4 {[%emt 0:01:15]} Qd7 {[%emt 0:03:59]} 16. Nxe6 {[%emt 0:05:24]} Qxe6 {[%emt 0:00:02]} 17. Rfe1 {[%emt 0:05:50]} b5 {[%emt 0:00:04]} 18. cxb6 {[%emt 0:13:01]} axb6 {[%emt 0:00:11]} 19. Qc2 {[%emt 0:00:14]} Qg6 {[%emt 0:05:45]} 20. Qxg6 {[%emt 0:16:45]} hxg6 {[%emt 0:00:04]} 21. d5 {[%emt 0:19:06]} Nxd5 {[%emt 0:00:05]} 22. Nxd5 {[%emt 0:00:15]} cxd5 {[%emt 0:00:01]} 23. Bxb6 {[%emt 0:05:00]} Bf6 {[%emt 0:00:01]} 24. Rab1 {[%emt 0:00:15]} Rfb8 {[%emt 0:00:12]} 25. Bc7 {[%emt 0:00:43]} Rxb2 {[%emt 0:00:04]} 26. Rbd1 {[%emt 0:00:33]} Rc8 {[%emt 0:00:06]} 27. Be5 {[%emt 0:00:10]} Bxe5 {[%emt 0:00:14]} 28. Rxe5 {[%emt 0:00:01]} c3 {[%emt 0:00:03]} 0-1

[Event "Vienna Chess Open 2019"]
[Site "Vienna"]
[Date "2019.08.18"]
[Round "2.2"]
[White "Gelbenegger, Patrick"]
[Black "Ozen, Deniz"]
[Result "0-1"]
[WhiteElo "2218"]
[BlackElo "2429"]
[Annotator "NA"]
[PlyCount "70"]
[EventDate "2019.08.17"]
[EventType "swiss"]
[EventCountry "AUT"]
[SourceTitle "playchess.com"]
[Source "ChessBase"]
[SourceQuality "1"]
[TimeControl "40/5400+30:1800+30"]

1. e4 {[%emt 0:00:00]} Nf6 {[%emt 0:00:00]} 2. e5 {[%emt 0:04:10]} Nd5 {[%emt 0:00:00]} 3. d4 {[%emt 0:00:04]} d6 {[%emt 0:00:00]} 4. exd6 {[%emt 0:01:50]} cxd6 {[%emt 0:01:49]} 5. c3 {[%emt 0:00:20]} g6 {[%emt 0:01:49]} 6. Bd3 {[%emt 0:03:06]} Bg7 {[%emt 0:00:25]} 7. Nf3 {[%emt 0:01:01]} O-O {[%emt 0:00:08]} 8. O-O {[%emt 0:01:23]} Nc6 {[%emt 0:00:33]} 9. Re1 {[%emt 0:04:51]} Qc7 {[%emt 0:06:00]} 10. Nbd2 {[%emt 0:09:02]} e5 {[%emt 0:13:28]} 11. Nb3 {[%emt 0:10:15]} Rd8 {[%emt 0:04:39]} 12. Bg5 {[%emt 0:05:06]} f6 {[%emt 0:03:26]} 13. Bh4 {[%emt 0:15:18]} Nce7 {[%emt 0:11:51]} 14. Bg3 {[%emt 0:04:54]} Nf5 {[%emt 0:03:14]} 15. Qc2 {[%emt 0:07:17]} Kh8 {[%emt 0:06:28]} 16. Rad1 {[%emt 0:02:26]} Nxg3 {[%emt 0:00:21]} 17. hxg3 {[%emt 0:00:46]} Be6 {[%emt 0:06:23]} 18. Qb1 {[%emt 0:02:58]} Bf7 {[%emt 0:03:02]} 19. Bc2 {[%emt 0:03:36]} Rac8 {[%emt 0:01:00]} 20. Nbd2 {[%emt 0:01:02]} f5 {[%emt 0:02:33]} 21. Nf1 {[%emt 0:02:34]} Bf6 {[%emt 0:07:43]} 22. Bb3 {[%emt 0:04:43]} e4 {[%emt 0:00:30]} 23. N3h2 {[%emt 0:02:24]} Bg5 {[%emt 0:04:03]} 24. g4 {[%emt 0:04:44]} Nf4 {[%emt 0:00:28]} 25. gxf5 {[%emt 0:04:51]} gxf5 {[%emt 0:00:17]} 26. g3 {[%emt 0:02:03]} Bxb3 {[%emt 0:00:38]} 27. axb3 {[%emt 0:00:34]} Nd3 {[%emt 0:02:01]} 28. Rxd3 {[%emt 0:00:49]} exd3 {[%emt 0:00:05]} 29. Qxd3 {[%emt 0:00:05]} f4 {[%emt 0:00:48]} 30. Nf3 {[%emt 0:00:47]} Qg7 {[%emt 0:00:35]} 31. Qf5 {[%emt 0:00:56]} Rg8 {[%emt 0:04:16]} 32. Re6 {[%emt 0:00:44]} fxg3 {[%emt 0:07:21]} 33. Nxg3 {[%emt 0:00:13]} Bc1 {[%emt 0:01:02]} 34. Rxd6 {[%emt 0:01:11]} Rcf8 {[%emt 0:03:01]} 35. Qe6 {[%emt 0:00:53]} Rxf3 {[%emt 0:00:32]} 0-1

[Event "Vienna Chess Open 2019"]
[Site "Vienna"]
[Date "2019.08.18"]
[Round "2.3"]
[White "Peralta, Fernando"]
[Black "Klek, Hanna Marie"]
[Result "1-0"]
[WhiteElo "2572"]
[BlackElo "2265"]
[Annotator "ChessBase"]
[PlyCount "61"]
[EventDate "2019.08.17"]
[EventType "swiss"]
[EventCountry "AUT"]
[SourceTitle "playchess.com"]
[Source "ChessBase"]
[SourceQuality "1"]
[TimeControl "40/5400+30:1800+30"]

1. d4 {[%emt 0:00:00]} d5 {[%emt 0:00:00]} 2. c4 {[%emt 0:00:00]} e6 {[%emt 0:00:00]} 3. Nc3 {[%emt 0:00:00]} a6 {[%emt 0:00:00]} 4. cxd5 {[%emt 0:00:18]} exd5 {[%emt 0:00:00]} 5. Nf3 {[%emt 0:00:06]} Be6 {[%emt 0:00:00]} 6. Bf4 {[%emt 0:04:15]} Bd6 {[%emt 0:00:00]} 7. Bg3 {[%emt 0:04:03]} Ne7 {[%emt 0:08:22]} 8. e3 {[%emt 0:00:31]} Nf5 {[%emt 0:04:25]} 9. Bd3 {[%emt 0:01:20]} Nxg3 {[%emt 0:04:02]} 10. hxg3 {[%emt 0:01:01]} Nd7 {[%emt 0:07:41]} 11. Ne2 {[%emt 0:04:21]} c6 {[%emt 0:12:33]} 12. Qd2 {[%emt 0:08:15]} Qe7 {[%emt 0:02:04]} 13. a3 {[%emt 0:01:39]} Bg4 {[%emt 0:10:07]} 14. Nh4 {[%emt 0:07:55]} Nf6 {[%emt 0:08:04]} 15. f3 {[%emt 0:09:14]} Bd7 {[%emt 0:01:43]} 16. g4 {[%emt 0:01:48]} g6 {[%emt 0:04:54]} 17. g5 {[%emt 0:04:17]} Nh5 {[%emt 0:00:07]} 18. f4 {[%emt 0:00:06]} Bg4 {[%emt 0:01:27]} 19. Nf3 {[%emt 0:02:41]} h6 {[%emt 0:01:49]} 20. gxh6 {[%emt 0:03:13]} Bxf3 {[%emt 0:00:34]} 21. gxf3 {[%emt 0:00:16]} Qf6 {[%emt 0:06:39]} 22. O-O-O {[%emt 0:03:52]} O-O-O {[%emt 0:04:46]} 23. f5 {[%emt 0:00:46]} Rdg8 {[%emt 0:04:02]} 24. e4 {[%emt 0:05:02]} dxe4 {[%emt 0:00:12]} 25. fxe4 {[%emt 0:00:16]} Bf8 {[%emt 0:00:08]} 26. Kb1 {[%emt 0:01:25]} Rxh6 {[%emt 0:01:27]} 27. e5 {[%emt 0:02:06]} Qd8 {[%emt 0:00:22]} 28. f6 {[%emt 0:09:04]} Kb8 {[%emt 0:02:03]} 29. Qc2 {[%emt 0:01:15]} Qb6 {[%emt 0:01:15]} 30. Bc4 {[%emt 0:00:58]} Bxa3 {[%emt 0:02:26]} 31. Rh3 {[%emt 0:02:08]} 1-0

[Event "Vienna Chess Open 2019"]
[Site "Vienna"]
[Date "2019.08.18"]
[Round "2.3"]
[White "Ragger, Anna-Christina"]
[Black "Balinov, Ilia"]
[Result "1-0"]
[WhiteElo "2241"]
[BlackElo "2467"]
[Annotator "ChessBase"]
[PlyCount "103"]
[EventDate "2019.08.17"]
[EventType "swiss"]
[EventCountry "AUT"]
[SourceTitle "playchess.com"]
[Source "ChessBase"]
[SourceQuality "1"]
[TimeControl "40/5400+30:1800+30"]

1. e4 {[%emt 0:00:00]} d5 {[%emt 0:00:00]} 2. exd5 {[%emt 0:00:00]} Qxd5 {[%emt 0:00:07]} 3. Nc3 {[%emt 0:00:00]} Qd6 {[%emt 0:00:05]} 4. d4 {[%emt 0:01:01]} Nf6 {[%emt 0:00:29]} 5. Nf3 {[%emt 0:01:30]} a6 {[%emt 0:03:10]} 6. g3 {[%emt 0:01:05]} Bg4 {[%emt 0:07:21]} 7. h3 {[%emt 0:01:14]} Bh5 {[%emt 0:10:47]} 8. Bg2 {[%emt 0:20:52]} Nc6 {[%emt 0:03:02]} 9. Be3 {[%emt 0:01:07]} O-O-O {[%emt 0:01:39]} 10. Qe2 {[%emt 0:05:28]} Qb4 {[%emt 0:23:13]} 11. O-O-O {[%emt 0:16:30]} e6 {[%emt 0:01:58]} 12. g4 {[%emt 0:16:23]} Bg6 {[%emt 0:00:16]} 13. a3 {[%emt 0:00:46]} Qa5 {[%emt 0:00:48]} 14. Ne5 {[%emt 0:00:12]} Nxe5 {[%emt 0:35:08]} 15. dxe5 {[%emt 0:00:28]} Bxa3 {[%emt 0:05:07]} 16. Nb1 {[%emt 0:08:02]} Bxb2+ {[%emt 0:00:07]} 17. Kxb2 {[%emt 0:00:04]} Qxe5+ {[%emt 0:00:09]} 18. Kc1 {[%emt 0:00:25]} Nd5 {[%emt 0:03:12]} 19. Bxd5 {[%emt 0:01:18]} Rxd5 {[%emt 0:00:26]} 20. Rxd5 {[%emt 0:00:18]} Qxd5 {[%emt 0:00:55]} 21. Rd1 {[%emt 0:00:22]} Qc6 {[%emt 0:00:38]} 22. Qd2 {[%emt 0:04:46]} b6 {[%emt 0:00:13]} 23. Qc3 {[%emt 0:00:45]} Kb7 {[%emt 0:00:30]} 24. Qxc6+ {[%emt 0:01:06]} Kxc6 {[%emt 0:00:01]} 25. Nd2 {[%emt 0:03:52]} h5 {[%emt 0:00:16]} 26. Nf3 {[%emt 0:00:26]} hxg4 {[%emt 0:02:40]} 27. Ne5+ {[%emt 0:00:23]} Kb5 {[%emt 0:00:12]} 28. Nxg6 {[%emt 0:00:18]} fxg6 {[%emt 0:00:09]} 29. hxg4 {[%emt 0:00:05]} Kc6 {[%emt 0:00:14]} 30. Bf4 {[%emt 0:02:33]} Rf8 {[%emt 0:00:28]} 31. Bg3 {[%emt 0:00:14]} a5 {[%emt 0:01:07]} 32. Rd3 {[%emt 0:00:19]} Rf7 {[%emt 0:00:16]} 33. Rc3+ {[%emt 0:01:12]} Kb7 {[%emt 0:00:06]} 34. Re3 {[%emt 0:00:11]} Re7 {[%emt 0:00:08]} 35. f4 {[%emt 0:01:02]} Kc6 {[%emt 0:00:44]} 36. f5 {[%emt 0:00:40]} gxf5 {[%emt 0:00:03]} 37. gxf5 {[%emt 0:00:04]} Kd7 {[%emt 0:02:05]} 38. fxe6+ {[%emt 0:00:22]} Rxe6 {[%emt 0:00:02]} 39. Rxe6 {[%emt 0:00:17]} Kxe6 {[%emt 0:00:03]} 40. Bxc7 {[%emt 0:00:04]} a4 {[%emt 0:00:38]} 41. Bxb6 {[%emt 0:30:05]} Kd5 {[%emt 0:30:22]} 42. Be3 {[%emt 0:04:28]} Ke4 {[%emt 0:00:06]} 43. c4 {[%emt 0:04:25]} g5 {[%emt 0:00:00]} 44. c5 {[%emt 0:00:00]} Kd5 {[%emt 0:00:00]} 45. Kb2 {[%emt 0:00:00]} Kc6 {[%emt 0:00:00]} 46. Ka3 {[%emt 0:00:00]} Kb5 {[%emt 0:00:00]} 47. Bg1 {[%emt 0:00:00]} g4 {[%emt 0:00:00]} 48. Be3 {[%emt 0:00:00]} g3 {[%emt 0:00:00]} 49. Bg1 {[%emt 0:00:00]} g2 {[%emt 0:00:00]} 50. Bf2 {[%emt 0:00:00]} Ka5 {[%emt 0:00:00]} 51. c6 {[%emt 0:00:00]} Ka6 {[%emt 0:00:00]} 52. Kb4 {[%emt 0:00:00]} 1-0